Economic and social development of the Southern and Eastern Mediterranean countries
Salvato in:
| Altri autori: | , , |
|---|---|
| Natura: | Libro |
| Lingua: | inglese |
| Pubblicazione: |
Cham
Springer
2015
|
| Soggetti: | |
| Tags: |
Nessun Tag, puoi essere il primo ad aggiungerne!!
|
MARC
| LEADER | 00000nam a2200000 4500 | ||
|---|---|---|---|
| 001 | 0196558 | ||
| 005 | 20240314122834.3 | ||
| 020 | |a 978-3-319-11121-6 | ||
| 041 | 0 | |a eng | |
| 044 | |a CH | ||
| 245 | 1 | 0 | |a Economic and social development of the Southern and Eastern Mediterranean countries |c editors: Rym Ayadi, Marek Dabrowski, Luc De Wulf |
| 264 | 1 | |a Cham |b Springer |c 2015 | |
| 300 | |a 339 s. | ||
| 610 | 2 | 0 | |a rozvoj hospodársky |
| 610 | 2 | 0 | |a rozvoj sociálny |
| 610 | 2 | 0 | |a obchod |
| 610 | 2 | 0 | |a investície |
| 610 | 2 | 0 | |a integrácia |
| 610 | 2 | 0 | |a vývoz |
| 610 | 2 | 0 | |a investície priame zahraničné |
| 610 | 2 | 0 | |a sektor súkromný |
| 610 | 2 | 0 | |a doprava |
| 610 | 2 | 0 | |a poľnohospodárstvo |
| 610 | 2 | 0 | |a turistika |
| 610 | 2 | 0 | |a priemysel |
| 610 | 2 | 0 | |a technológie informačné |
| 610 | 2 | 0 | |a politika finančná |
| 610 | 2 | 0 | |a banky |
| 610 | 2 | 0 | |a rast hospodársky |
| 610 | 2 | 0 | |a vzdelávanie |
| 610 | 2 | 0 | |a kapitál ľudský |
| 610 | 2 | 0 | |a nerovnosť |
| 610 | 2 | 0 | |a ženy |
| 610 | 2 | 0 | |a reformy |
| 610 | 2 | 0 | |a Stredomorie |
| 700 | 1 | |a Ayadi, Rym | |
| 700 | 1 | |a Dabrowski, Marek | |
| 700 | 1 | |a De Wulf, Luc | |